Statistics for Letter Quiz: Greek (Ελληνικά)

Click here to take the quiz!

General Stats

  • This quiz has been taken 13 times
    (8 since last reset)
  • The average score is 18 of 25

Answer Stats

GreekLatin% Correct
οo
100%
αa
83%
εe
83%
ιi
83%
πp
83%
ρr
83%
ςs (End Of Word)
83%
τt
83%
θth
83%
υu
83%
βb
67%
χc
67%
δd
67%
φf/ph
67%
γg
67%
κk
67%
λl
67%
μm
67%
νn
67%
ωō
67%
σs
67%
ζz
67%
ψps
50%
ηē
33%
ξx
33%

Score Distribution

Percentile by Number Answered

Percent of People with Each Score

Your Score History

You have not taken this quiz since the last reset